Los pasos perdidos
Historia sobre un músico que se embarca en un viaje a una selva venezolana en búsqueda de instrumentos primitivos utilizados por otras culturas. Este relato presenta una connotación existencialista del viaje y la persecución de una razón de vida, así como el encuentro de sentimientos que invitan a l...
Guardat en:
| Autor principal: | |
|---|---|
| Format: | Llibre |
| Idioma: | Undetermined |
| Publicat: |
Barcelona, EspañA
Barral
1974
|
| Edició: | 4 |
| Matèries: | |
| Etiquetes: |
Afegir etiqueta
Sense etiquetes, Sigues el primer a etiquetar aquest registre!
|
MARC
| LEADER | 00000nam a2200000Ia 4500 | ||
|---|---|---|---|
| 008 | 170316s9999 xx 000 0 und d | ||
| 040 | |a cru BVZT | ||
| 090 | |a 860 C-17p | ||
| 100 | |a Carpentier, Alejo |9 1357 | ||
| 245 | |a Los pasos perdidos | ||
| 250 | |a 4 | ||
| 260 | |a Barcelona, EspañA | ||
| 260 | |b Barral | ||
| 260 | |c 1974 | ||
| 300 | |a 276 páginas | ||
| 520 | |a Historia sobre un músico que se embarca en un viaje a una selva venezolana en búsqueda de instrumentos primitivos utilizados por otras culturas. Este relato presenta una connotación existencialista del viaje y la persecución de una razón de vida, así como el encuentro de sentimientos que invitan a la reflexión | ||
| 650 | |a LITERATURA LATINOAMERICANA |9 15 | ||
| 999 | |c 8497 |d 8497 | ||
| 942 | |c 15 D |h 860 C-17p |2 z | ||
